<?xml version="1.0" encoding="UTF-8"?><?xml-stylesheet type="text/xsl" href="static/style.xsl"?><OAI-PMH xmlns="http://www.openarchives.org/OAI/2.0/" xmlns:xsi="http://www.w3.org/2001/XMLSchema-instance" xsi:schemaLocation="http://www.openarchives.org/OAI/2.0/ http://www.openarchives.org/OAI/2.0/OAI-PMH.xsd"><responseDate>2026-04-17T05:13:28Z</responseDate><request verb="GetRecord" identifier="oai:www.recercat.cat:2445/49126" metadataPrefix="marc">https://recercat.cat/oai/request</request><GetRecord><record><header><identifier>oai:recercat.cat:2445/49126</identifier><datestamp>2025-12-05T10:00:15Z</datestamp><setSpec>com_2072_1057</setSpec><setSpec>col_2072_478819</setSpec><setSpec>col_2072_478917</setSpec></header><metadata><record xmlns="http://www.loc.gov/MARC21/slim" xmlns:dcterms="http://purl.org/dc/terms/" xmlns:xsi="http://www.w3.org/2001/XMLSchema-instance" xmlns:doc="http://www.lyncode.com/xoai" xsi:schemaLocation="http://www.loc.gov/MARC21/slim http://www.loc.gov/standards/marcxml/schema/MARC21slim.xsd">
   <leader>00925njm 22002777a 4500</leader>
   <datafield ind2=" " ind1=" " tag="042">
      <subfield code="a">dc</subfield>
   </datafield>
   <datafield ind2=" " ind1=" " tag="720">
      <subfield code="a">Serna, Mercedes</subfield>
      <subfield code="e">author</subfield>
   </datafield>
   <datafield ind2=" " ind1=" " tag="260">
      <subfield code="c">2014-01-24T11:25:48Z</subfield>
   </datafield>
   <datafield ind2=" " ind1=" " tag="260">
      <subfield code="c">2014-01-24T11:25:48Z</subfield>
   </datafield>
   <datafield ind2=" " ind1=" " tag="260">
      <subfield code="c">2011</subfield>
   </datafield>
   <datafield ind2=" " ind1=" " tag="520">
      <subfield code="a">Desde su aparición hasta nuestros días, las crónicas de Indias han sufrido un&#xd;
camino de infortunios. Entre los hechos que han contribuido a su escasa difusión,&#xd;
la falta de lectores o el poco reconocimiento, podemos destacar, en los&#xd;
primeros siglos, la existencia del Tribunal Inquisitorial, las interferencias estatales en materia de Indias, la propia complejidad de las obras, las modas literarias, la rigidez de algún cura bien avenido con el poder, el temor a las copias y apropiaciones ilegales o las envidias y recelos entre los cronistas, ya fueran éstos laicos o religiosos (inquinas entre las órdenes). Asimismo, también las órdenes religiosas censuraban los documentos o textos de sus propios religiosos, cuando no encarcelaban a aquellos que sin su consentimiento habían&#xd;
hecho públicas determinadas opiniones. Tal es el caso de «Motolinía», encarcelado&#xd;
por su propia orden, por haber escrito una Carta dirigida al emperador Carlos V contra Bartolomé de las Casas, sin previa autorización de sus&#xd;
superiores...</subfield>
   </datafield>
   <datafield tag="653" ind2=" " ind1=" ">
      <subfield code="a">Fonts històriques</subfield>
   </datafield>
   <datafield tag="653" ind2=" " ind1=" ">
      <subfield code="a">Censura</subfield>
   </datafield>
   <datafield tag="653" ind2=" " ind1=" ">
      <subfield code="a">Inquisició</subfield>
   </datafield>
   <datafield tag="653" ind2=" " ind1=" ">
      <subfield code="a">Amèrica Llatina</subfield>
   </datafield>
   <datafield tag="653" ind2=" " ind1=" ">
      <subfield code="a">History sources</subfield>
   </datafield>
   <datafield tag="653" ind2=" " ind1=" ">
      <subfield code="a">Censorship</subfield>
   </datafield>
   <datafield tag="653" ind2=" " ind1=" ">
      <subfield code="a">Inquisition</subfield>
   </datafield>
   <datafield tag="653" ind2=" " ind1=" ">
      <subfield code="a">Latin America</subfield>
   </datafield>
   <datafield ind2="0" ind1="0" tag="245">
      <subfield code="a">Censura e Inquisición en las crónicas de Indias. De sus adversidades e infortunios</subfield>
   </datafield>
</record></metadata></record></GetRecord></OAI-PMH>